000
00213nam a22000977a 4500
082
_a
335.430924
_b
MAR
245
_a
Mark Engels
260
_a
Moscow
_b
Progress Publishers
_c
1977
300
_a
661p.
942
_2
ddc
_c
BK
999
_c
613516
_d
613516